| 000 | 00922cam a2200253 i 4500 | ||
|---|---|---|---|
| 001 | 77005558 | ||
| 003 | DLC | ||
| 005 | 20200129130613.0 | ||
| 008 | 770401s1977 dcu 00010 eng | ||
| 010 | _a 77005558 | ||
| 040 |
_aDLC _cDLC _dDLC |
||
| 050 | 0 | 0 |
_aQC100 _b.U57 no. 500-9 _aQA76.9.A25 |
| 082 | 0 | 0 |
_a602/.1 s _a001.6/4 |
| 086 | 0 | _aC13.10:500-9 | |
| 100 | 1 | 0 | _aWood, Helen M. |
| 245 | 1 | 4 |
_aThe use of passwords for controlled access to computer resources / _cHelen M. Wood. |
| 260 | 0 |
_a[Washington] : _bU.S. Dept. of Commerce, National Bureau of Standards : for sale by the Supt. of Docs., U.S. Govt. Print. Off., _c1977. |
|
| 300 |
_aiv, 53 p. ; _c26 cm. |
||
| 440 | 0 | _aComputer science & technology | |
| 490 | 1 | _aNBS special publication ; 500-9 | |
| 650 | 0 |
_aComputers _xAccess control _xPasswords. |
|
| 810 | 1 |
_aUnited States. _bNational Bureau of Standards. _tSpecial publication ; _v500-9. |
|
| 999 |
_c353 _d353 |
||
| 942 | _cMX | ||